allies of countries - Statistics

General Stats
  • This quiz has been taken 45 times
  • The average score is 4 of 9
Answer Stats
Hint Answer % Correct
Belarus, China, Iran, Syria, Iraq, North Korea, Kazakhstan, Serbia, Cuba, Venezuela, Nicaragua, Algeria, Angola, Mongolia, India, Myanmar, Laos, Cambodia, Yemen, Libya, Russia
91%
USA, France, Germany,Spain, Italy, Ukraine, Georgia, Skandinavia, Baltics, Japan, South Korea, Taiwan, Canada, Chile, Brazil, Israel, India, Vietnam, Thailand, Singapore, Malaysia, Balkans United Kingdom
82%
Bhutan, United States, Russia, Myanmar,United Kingdom, France, Germany, Spain, Italy, Thailand, Malaysia, Indonesia, Nepal, Bangladesh, Iran, Greece, Armenia, Cyprus, South Korea, Japan, Vietnam, Poland, Belarus, Austria, Belgium, Australia, New Zealand, Canada India
61%
Azerbaijan, Kazakhstan, Albania,Bosnia and Herzegovina, Tajikistan, Kyrgyzstan, Uzbekistan, Turkmenistan, Kosovo, North Macedonia, Pakistan, Algeria, Libya, Somalia, Djibouti Georgia, Ukraine, Montenegro, Moldova, Palestine, United Arab Emirates, Qatar, South Korea, Japan Turkey
52%
Argentina, Uruguay, Colombia, Paraguay, Chile, Peru,United States, India, Russia, Angola, Portugal, France, Italy, Spain, United Kingdom, South Africa, Nigeria, Cameroon, Guyana, Suriname, Mexico, Panama, Nicaragua, Fiji, Australia, New Zealand, Nepal, Pakistan, Vietnam, Mongolia, Kazakhstan, Turkey, Poland, Greece, Belgium Netherlands, Czechia, Slovakia, Sweden, Denmark, Norway, Finland, Estonia, Iceland, Monaco, Andorra, Latvia, Lithuania, Belarus, Canada, Costa Rica, Dominican Republic, Jamaica, Guatemala, Honduras, El Salvador, Belize, Thailand, Indonesia, Laos, Taiwan, Japan, South Korea, Croatia, Namibia, Mauritania, Algeria, Libya, Malta, North Macedonia, Lebanon, Albania, Israel, Palestine, Oman, United Arab Emirates, Saudi-Arabia, Kuwait, Bahrain, Caribbean, Mali, Samoa, Serbia, Romania, bulgaria, Ukraine, Moldova, Belarus, Egypt, Iran, Iraq Brazil
45%
Spain, United States, France, Portugal,Croatia, Albania, Israel, Greece, Slovenia, Austria, Poland, Germany, North Macedonia, Bosnia and Herzegovina, Jordan, Egypt, Tunisia, Malta, Belgium, Netherlands, India, Georgia, Ukraine, Bulgaria, Kosovo, Slovakia, Czechia, Hungary, South Africa, Mauritania, Indonesia, Singapore, Mongolia, Malaysia, Nepal, Bangladesh, Kuwait, United Arab Emirates, Qatar, Bahrain, Saudi Arabia, Botswana Italy
39%
India, Nepal, Myanmar Bhutan
33%
China, Turkey, Azerbaijan, Russia, Sri Lanka, Kazakhstan, Uzbekistan, Kyrgyzstan, Turkmenistan, Bosnia and Herzegovina, Albania, Kosovo, North Macedonia, Belarus, Cuba, Nepal, Tajikistan, Nicaragua, Venezuela, Algeria, United Arab Emirates, Oman, Yemen, Saudi Arabia, Iraq, Morocco, Libya, Chad, Sudan, Mali, Somalia, Djibouti, Comoros, Ethiopia, Central African Republic, Kenya, Uganda Pakistan
27%
Tunisia, Italy, Libya, Algeria, Vatican, Greece, Albania,United States, United Kingdom, France, Netherlands, Portugal, Spain, India, Lebanon, Egypt, Morocco, Sri Lanka, Mexico, Canada, Panama, Costa Rica, Luxembourg, Sweden, North Macedonia, Finland, Norway, Estonia, Latvia, Lithuania, Serbia, Hungary, Czechia, Slovakia, Poland, Ireland, Iceland, Denmark Israel, Jordan, Oman, United Arab Emirates, Japan, South Korea, Bulgaria, Romania, Qatar, Bahrain, Kuwait Malta
12%
No matching quizzes found
Score Distribution
Percent of People with Each Score
Percentile by Number Answered
Your Score History
You have not taken this quiz